000 00336nam a2200133Ia 4500
008 210210b1975 xxu||||| |||| 00| 0 eng d
082 _aS891.1 MAGS
100 _aMAGHA.
245 _aSisupalavadham: chaturh sarg.
260 _aVaranasi
_bchaukhambha orientalia
_c1975
300 _a67
690 _aSanskrit Poetry
906 _aSG00940
999 _c112031
_d112031